000 00578nam a2200217Ia 4500
003 OSt
005 20220926041324.0
006 a|||||r|||| 00| 0
007 ta
008 220923b |||||||| |||| 00| 0 eng d
037 _cGeneral Book
040 _aRTL
_cRTL
_beng
041 _2eng
_aeng
082 _aX.7.N6s, K3
100 _aPalmer George
_9170373
245 0 _aGuide to Australian economic statistics
260 _c1963
650 _aEconomic Conditions Latin America
942 _hX.7.N6s, K3
_cGB
_2CC
999 _c666917
_d666917